[Event "Mittelfrankenliga-B2a 0607"]
[Site "Mittelfranken"]
[Date "2007.03.11"]
[Round "7.2"]
[White "Mokrusch, Falko Boris"]
[Black "Bous, Florian"]
[Result "0-1"]
[WhiteElo "1911"]
[BlackElo "2016"]
[PlyCount "76"]
[EventDate "2006.10.22"]
[EventType "team-tourn"]
[EventRounds "9"]
[EventCountry "GER"]
[SourceTitle "EXT 2011"]
[Source "ChessBase"]
[SourceDate "2010.11.26"]
[SourceVersion "1"]
[SourceVersionDate "2010.11.26"]
[SourceQuality "1"]
[WhiteTeam "Neustadt"]
[BlackTeam "Erlangen BSGW"]
[WhiteTeamCountry "GER"]
[BlackTeamCountry "GER"]

1. e4 e5 2. f4 exf4 3. Nf3 g5 4. Bc4 g4 5. Ne5 Qh4+ 6. Kf1 Nc6 7. Qxg4 Qxg4 8. Nxg4 d5 9. Be2 Nd4 10. Bd1 Bxg4 11. Bxg4 Nxc2 12. Nc3 Nxa1 13. Nxd5 Bd6 14. Bd1 0-0-0 15. Ke2 c6 16. Nc3 b5 17. a3 a5 18. b4 a4 19. Bb2 Nb3 20. Bxb3 axb3 21. Nxb5 f6 22. Nxd6+ Rxd6 23. Rf1 Ne7 24. Rxf4 Rhd8 25. d4 Re6 26. Kd3 Ng6 27. Rf5 Rf8 28. d5 cxd5 29. exd5 Ne7 30. Rh5 Rd6 31. Kc4 f5 32. Rxh7 Nxd5 33. Kxb3 f4 34. Kc4 Ne3+ 35. Kc5 Rd2 36. Bg7 Rf7 37. a4 Kb7 38. a5 Rd5# 0-1

[Event "Mittelfrankenliga-B2a 0607"]
[Site "Mittelfranken"]
[Date "2007.02.11"]
[Round "6.1"]
[White "Mokrusch, Falko Boris"]
[Black "Weiss, Markus"]
[Result "1-0"]
[WhiteElo "1911"]
[BlackElo "1860"]
[PlyCount "57"]
[EventDate "2006.10.22"]
[EventType "team-tourn"]
[EventRounds "9"]
[EventCountry "GER"]
[SourceTitle "EXT 2011"]
[Source "ChessBase"]
[SourceDate "2010.11.26"]
[SourceVersion "1"]
[SourceVersionDate "2010.11.26"]
[SourceQuality "1"]
[WhiteTeam "Neustadt"]
[BlackTeam "Erlangen SC II"]
[WhiteTeamCountry "GER"]
[BlackTeamCountry "GER"]

1. e4 e6 2. d4 d5 3. Bd3 Nf6 4. e5 Nfd7 5. f4 c5 6. c3 Nc6 7. Nf3 Qb6 8. Bc2 f6 9. b3 cxd4 10. cxd4 Bb4+ 11. Kf2 fxe5 12. fxe5 0-0 13. Kg3 Be7 14. h4 Nb4 15. Bxh7+ Kxh7 16. Ng5+ Kg8 17. Qh5 Nf6 18. exf6 Bd6+ 19. Kh3 e5+ 20. g4 Bxg4+ 21. Qxg4 Rxf6 22. Qh5 Rh6 23. Qf7+ Kh8 24. Ne6 Rh7 25. Rg1 Qb5 26. Bh6 Rg8 27. Bxg7+ Rhxg7 28. Nxg7 Qe2 29. Qf6 1-0